000 01447nam a2200349 ia4500
003 OSt
005 20260505102500.0
008 260505t20252010enka cr 000 1 eng d
020 _a9780008758721
_cRM 55.00
_qpaperback
040 _aPPAK
_beng
_cPPAK
_erda
082 0 4 _223
_a823.92
090 0 0 _a823.92
_bPEI
_dK
100 1 _aPeirce, Lincoln,
_d1963-
_eauthor.
245 1 0 _aThe BOY with the BIGGEST HEAD in the WORLD /
_cLINCOLN PEIRCE
264 1 _aLondon :
_bHarperCollins Children's Books,
_c2025
264 4 _c©2010
300 _a213 pages :
_billustrations ;
_c20 cm
336 _atext
_2rdacontent
337 _aunmediated
_2rdamedia
338 _avolume
_2rdacarrier
490 1 _aBIG NATE
500 _aOriginally published: 2010.
520 _a"Big-head Nate Wright truly believes he is destined for greatness! He's a table tennis champ, a genius comic book artist and the self-proclaimed king of his class. One school morning, Nate barely survives his dad's toxic porridge before rushing off to school, forgetting his lunch. He thinks he has a test and he hasn't studied for it!"--
_cPublisher.
600 0 0 _aBig Nate
_c(Fictitious character)
_vJuvenile fiction
650 1 0 _aFamilies
_vJuvenile fiction
650 2 0 _aAmbition
_vJuvenile fiction
650 2 0 _aSchoolboys
_vJuvenile fiction
655 7 _aSchool fiction
655 7 _aHumorous fiction.
830 0 _aBig Nate
942 _2ddc
_cB
999 _c204095
_d204095